00703nam a22002297a 450000500170000001000110001702000090002803500110003703700160004804000120006408200190007610000350009524500690013024600550019926000600025427000470031430000200036165000240038165000270040565000230043265000180045520170123162348.0 a203162 c6.70 a203162 bCen Lib/Ret aDPLbUR a804bک و ل  aکول ، کیشن پرشاد  aادبی اور قومی تذکری /cکشن پرشاد کول  aAdabi aur qaumi tazkire /bby Kishan Prashad Kaul  aنیی دہلی bمکتبہ جامہ لمیٹڈ c1951 bنیی دہلی aجامہ نگر e110025 a295p.c21cm(Hb) aادب -- اردو  aادبی مضامین  aLiterature -- Urdu aUrdu articles